1364 1915 1458 1244 1176 1851 1023 1060 1506 1244 1464 1389 1637 1673 1975 1320 1328 1018 1890 1433 1527 1695 1261 1203 1544 1018 1960 1357 1954 1462 1132 1267 1017 1247 1548 1972 1964 1626 1421 1993 1278 1973 1418 1834 1360 1299 1077 1954 1852 1001 1881 1476 1640 1069 1932 1025 1072 1447 1328 1862 1576 1181 1727 1749 1335 1979 1724 1060 1557 1424 1191 1699 1448 1755 1425 1465 1777 1655 1781 1081 1154 1331 1515 1240 1521 1560 1113 1978 1404 1339 1348 1831 1451 1627 1890 1348 1769 1921 1071 BCNSPRNW ULIB Ver.6.0+V

เปลี่ยนเป็นภาษาไทย

Change to English
 แสดงรายละเอียดบรรณานุกรม
  กลับหน้าหลัก

Brief Record : Get Marc (ISO 2709) : E-mail record : QR code < ปิดหน้าต่าง
LEADER : 00000nam 2200000uu 4500
001    13399127774
003     ULIB
008    210824s2564||||th 000 0 tha d
020    ^a9786162716188
060    ^aWY152^bก388ก^cล.2
100    ^aกันตพร ยอดใชย, ทิพมาส ชิณวงศ์ และเพลินพิศ ฐานิวัฒนานนท์
245    ^aการพยาบาลผู้ใหญ่และผู้สูงอายุทางอายุรศาสตร์ 2 เล่ม 2 Nursing Care for Adult and Elderly Patients II (Medical Care) Volume 2
250    ^aพิมพ์ครั้งที่ 3
260    ^aสงขลา :^bนีโอพ้อยท์ (1995),^c2564
300    ^a266 หน้า^bภาพประกอบ, ตาราง, ภาคผนวก
650    ^aการพยาบาลผู้ใหญ่
650    ^aการพยาบาลผู้สูงอายุ
650    ^aการพยาบาลอายุรศาสตร์
650    ^aอายุรศาสตร์
945    ^p300^l0^i008117
945    ^p300^l0^i008118
945    ^p300^l0^i008119
945    ^p300^l0^i008120
945    ^p300^l0^i008121
945    ^p300^l0^i008122
945    ^p300^l0^i008123
945    ^p300^l0^i008124
945    ^p300^l0^i008125
945    ^p300^l0^i008126
999    ^aประนอม เกษจรัล
รายการนี้ยังไม่มีแท็ก
คุณยังไม่ได้ล็อกอิน คุณสามารถมีกิจกรรมร่วมกับเว็บไซต์ได้ แต่ต้องล็อกอินก่อน ::
  ล็อกอิน

รายการสื่อสารสนเทศ

ลำดับที่ ประเภท เลขเรียก/บาร์โค้ด สถานที่ สถานะ
1. Book การพยาบาล
หนังสือสำรอง
สถานะ=หนังสือสำรอง
WY152 ก388ก ล.2 ฉ.1 
  Barcode: 008117
ห้องสมุดวิทยาเขตสวรรค์ประชารักษ์
►หนังสือทั่วไป
ถูกยืม กำหนดส่งวันที่ 30 มกราคม 2569
  จอง
2. Book การพยาบาล
Book การพยาบาล
WY152 ก388ก ล.2 ฉ.10 
  Barcode: 008126
ห้องสมุดวิทยาเขตสวรรค์ประชารักษ์
►หนังสือทั่วไป
บนชั้น
3. Book การพยาบาล
Book การพยาบาล
WY152 ก388ก ล.2 ฉ.2 
  Barcode: 008118
ห้องสมุดวิทยาเขตสวรรค์ประชารักษ์
►หนังสือทั่วไป
บนชั้น
4. Book การพยาบาล
Book การพยาบาล
WY152 ก388ก ล.2 ฉ.3 
  Barcode: 008119
ห้องสมุดวิทยาเขตสวรรค์ประชารักษ์
►หนังสือทั่วไป
บนชั้น
5. Book การพยาบาล
Book การพยาบาล
WY152 ก388ก ล.2 ฉ.4 
  Barcode: 008120
ห้องสมุดวิทยาเขตสวรรค์ประชารักษ์
►หนังสือทั่วไป
บนชั้น
6. Book การพยาบาล
Book การพยาบาล
WY152 ก388ก ล.2 ฉ.5 
  Barcode: 008121
ห้องสมุดวิทยาเขตสวรรค์ประชารักษ์
►หนังสือทั่วไป
บนชั้น
7. Book การพยาบาล
Book การพยาบาล
WY152 ก388ก ล.2 ฉ.6 
  Barcode: 008122
ห้องสมุดวิทยาเขตสวรรค์ประชารักษ์
►หนังสือทั่วไป
บนชั้น
8. Book การพยาบาล
Book การพยาบาล
WY152 ก388ก ล.2 ฉ.7 
  Barcode: 008123
ห้องสมุดวิทยาเขตสวรรค์ประชารักษ์
►หนังสือทั่วไป
บนชั้น
9. Book การพยาบาล
Book การพยาบาล
WY152 ก388ก ล.2 ฉ.8 
  Barcode: 008124
ห้องสมุดวิทยาเขตสวรรค์ประชารักษ์
►หนังสือทั่วไป
บนชั้น
10. Book การพยาบาล
Book การพยาบาล
WY152 ก388ก ล.2 ฉ.9 
  Barcode: 008125
ห้องสมุดวิทยาเขตสวรรค์ประชารักษ์
►หนังสือทั่วไป
บนชั้น

รายการใกล้เคียง
    ชื่อเรื่อง [การพยาบาลผู้ใหญ่และผู้สูงอายุทางอายุรศาสตร์ 2 เล่ม 2 Nursing Care for Adult and Elderly Patients II (Medical Care) Volume 2]

    ผู้แต่ง [กันตพร ยอดใชย, ทิพมาส ชิณวงศ์ และเพลินพิศ ฐานิวัฒนานนท์]

    หัวเรื่อง [การพยาบาลผู้ใหญ่]
    หัวเรื่อง [การพยาบาลผู้สูงอายุ]
    หัวเรื่อง [การพยาบาลอายุรศาสตร์]
    หัวเรื่อง [อายุรศาสตร์]

BibComment


ยังไม่เคยถูกคอมเมนท์

คอมเมนท์ทรัพยากรรายการนี้
  คอมเมนท์: การพยาบาลผู้ใหญ่..


 Copyright 2026. Bcnsprnw @Library